00812nam a2200193 a 450000100100000000500170001000800410002702000180006810000280008624501870011426000680030130000210036970000310039070000320042170000300045395201050048399900170058804000130060500003395520200930070644.0110914s2009 ag 000 0 spa d a97895055779101 aPetit, Mechèle95941710aLecturas, del espacio íntimo al espacio público :bespacio para la lectura /cMechèle Petit; traducción de Miguel y Malou Paleo, y Diana Luz Sánchez ; editor Daniel Goldin. aBuenos Aires, Argentina :bFondo de Cultura Económica,c2009. a178 p. ;c22 cm.1 aMalou Paleo, Miguel9594181 aSánchez, Diana Luz9594191 aGodin, Danieleed.959420 001050718MOaGRbGRcCTd2011-09-14iLF1l0o p33955-10r2020-06-25w2020-06-25y1ZNo se presta c33446d33446 aDO-SdBNP